000
00298nam a2200121Ia 4500
008
190216s9999||||xx |||||||||||||| ||und||
100
_a
Chatterjee B K
245
0
_a
Accounting And Finance For Managers
260
_b
Pentice Hall Of India
_c
1976
300
_a
659p
650
_a
Commerce
942
_c
BK
999
_c
4188
_d
4188